[Event "Prague zt"]
[Site "Prague"]
[Date "1985.??.??"]
[Round "4"]
[White "Stempin, Pawel"]
[Black "Suba, Mihai"]
[Result "0-1"]
[WhiteElo "2390"]
[BlackElo "2465"]

1.d4 Nf6 2.c4 e6 3.Nf3 c5 4.d5 exd5 5.cxd5 d6 6.Nc3 g6 7.Nd2 Nbd7 8.e4 Bg7
9.Be2 O-O 10.O-O Re8 11.a4 g5 12.Ra3 Ne5 13.Re1 Ng6 14.Bb5 Re7 15.Nf1 a6
16.Bc4 h6 17.Ng3 Bd7 18.Bd2 Qc7 19.Qc2 Rae8 20.a5 Ng4 21.h3 N4e5 22.Bf1 Nh4
23.Kh1 g4 24.hxg4 Nxg4 25.Nd1 f5 26.f3 Nf6 27.Nf2 fxe4 28.Nfxe4 Nxe4 29.Rxe4 Rxe4
30.Nxe4 Bf5 31.Bd3 Qf7 32.Be1 Nxf3 33.gxf3 Qh5+ 34.Kg1 Qxf3 35.Ra4 Bd4+ 36.Rxd4 cxd4
37.Nf6+ Kf8 38.Nxe8 Bxd3 39.Qf2 Qxf2+ 40.Bxf2 Kxe8 41.Bxd4 Be4 42.Kf2 Bxd5
43.Ke3 Ke7 44.Bc3 Bb3 45.Kf4 Ke6 46.Bg7 h5 47.Bf8 Bd1 48.Bg7 h4 49.Bd4 h3
50.Bg1 Be2  0-1

[Event "Wch U20"]
[Site "Sharjah"]
[Date "1985.??.??"]
[Round "12"]
[White "Dlugy, Maxim"]
[Black "Klinger, Josef"]
[Result "1/2-1/2"]
[WhiteElo "2495"]
[BlackElo "2460"]

1.d4 Nf6 2.c4 c5 3.d5 e6 4.Nc3 exd5 5.cxd5 d6 6.Nf3 g6 7.Nd2 Bg7 8.Nc4 O-O
9.Bg5 Qe7 10.e3 Nbd7 11.a4 Ne5 12.Na3 h6 13.Bh4 g5 14.Bg3 Nfd7 15.Be2 f5
16.f3 Ng6 17.Qd2 f4 18.Bf2 fxe3 19.Qxe3 Re8 20.Qxe7 Rxe7 21.Bg3 Nf4 22.Bxf4 gxf4
23.Nc4 Nb6 24.Nxd6 Bxc3+ 25.bxc3 Nxd5 26.Kf2 Be6 27.Ne4 Kg7 28.c4 Ne3 29.Nxc5 Bxc4
30.Bxc4 Nxc4 31.Rhe1 Ne5 32.Kf1 Rae8 33.a5 b6 34.Ne4 Nc4 35.axb6 axb6 36.Kf2 Rd8
37.Rec1 Nd2 38.Ra4 Nxe4+ 39.fxe4 Rd3 40.Rb4 Re6 41.Rcb1 Re3 42.Re1 Rc3 43.e5 Re3
44.Rxe3  1/2-1/2

[Event "Szirak"]
[Site "Szirak"]
[Date "1985.??.??"]
[Round "4"]
[White "Petran, Pal"]
[Black "Yap, Andronico"]
[Result "1-0"]
[WhiteElo "2440"]
[BlackElo "2425"]

1.d4 Nf6 2.c4 e6 3.Nc3 c5 4.d5 exd5 5.cxd5 d6 6.Nf3 g6 7.Nd2 Nbd7 8.e4 Bg7
9.Be2 O-O 10.O-O Ne5 11.a4 Re8 12.Ra3 a6 13.Qc2 Rb8 14.a5 g5 15.Re1 Nfg4
16.Nf1 Ng6 17.Bxg4 Bxg4 18.Ne3 Bc8 19.Ne2 Qf6 20.Ng3 Nf4 21.Rb3 Bd7 22.Rb6 Qg6
23.Bd2 Bb5 24.Nef5 Bf8 25.Bc3 h5 26.f3 h4 27.Nf1 Nd3 28.Rd1 Ne5 29.Bxe5 Rxe5
30.N1e3 Bd7 31.Nxd6 g4 32.f4 Rh5 33.Ndf5 f6 34.Qc3 Kf7 35.Qb3 Kg8 36.Rxb7 Rxb7
37.Qxb7 Qe8 38.d6 Rh7 39.Qxa6 Qxe4 40.Qd3 Qxf4 41.Qd5+ Kh8 42.Rf1 Qb4 43.Qa8 Rf7
44.Qd5 Rh7 45.a6 Bb5 46.Rd1 Qxb2 47.Qa8 Rf7 48.Nh6 Qe2 49.Nxf7+ Kg7 50.Qe4 Kxf7
51.d7 Be7 52.Qxe7+ Kxe7 53.d8=Q+ Kf7 54.Qd2 Qf1+  1-0

[Event "Pugi mem"]
[Site "Toronto"]
[Date "1985.??.??"]
[Round "7"]
[White "Shtern, Igor"]
[Black "Norwood, David"]
[Result "1-0"]
[WhiteElo "2265"]
[BlackElo "2335"]

1.d4 Nf6 2.c4 e6 3.Nf3 c5 4.d5 exd5 5.cxd5 d6 6.Nc3 g6 7.e4 Bg7 8.Be2 Bg4
9.Qa4+ Nbd7 10.Bf4 O-O 11.O-O Re8 12.h3 Bxf3 13.Bxf3 Ne5 14.Be2 a6 15.Qc2 b5
16.Rae1 Nfd7 17.Bh2 Nf6 18.Nb1 Rc8 19.Nd2 c4 20.Nf3 Nxf3+ 21.Bxf3 Nd7 22.b3 cxb3
23.Qxb3 Rc3 24.Qb1 Be5 25.Rc1 Rxf3 26.gxf3 Qg5+ 27.Kh1 Bxh2 28.Kxh2 Qf4+
29.Kg2 Re5 30.Qd3 Nb6 31.Rg1 Rg5+ 32.Kh1 Rh5 33.Kg2 Rg5+ 34.Kh1 Rh5 35.Kg2 Nc4
36.Rc3 Qg5+ 37.Kf1 Nd2+ 38.Ke2 Qxg1 39.Qxd2 Qg2 40.Rc8+ Kg7 41.Qd4+ Kh6 42.Qe3+ Qg5
43.Rc6 Qxe3+ 44.Kxe3 Rxh3 45.Rxd6 Kg7 46.Rxa6 h5 47.d6 Rh1 48.Ke2 Kf6 49.e5+ Ke6
50.Ra7 Ra1 51.Re7+ Kf5 52.Ra7 Ke6 53.f4 f6 54.d7  1-0

[Event "Tirnavia"]
[Site "Trnava"]
[Date "1985.??.??"]
[Round "1"]
[White "Schmidt, Wlodzimierz"]
[Black "Pedersen, Erik"]
[Result "1/2-1/2"]
[WhiteElo "2475"]
[BlackElo "2395"]

1.d4 Nf6 2.c4 e6 3.Nc3 c5 4.d5 exd5 5.cxd5 d6 6.Nf3 g6 7.Bf4 a6 8.e4 b5 9.Qe2 Nh5
10.Bg5 Be7 11.Bh6 Bf8 12.Qe3 Bxh6 13.Qxh6 b4 14.Nd1 Qf6 15.Nd2 Ng7 16.Nc4 O-O
17.Qd2 Nd7 18.Nde3 a5 19.a4 Ba6 20.Be2 Bxc4 21.Bxc4 Qd4 22.Bb5 Qxd2+ 23.Kxd2 Nb6
24.f3  1/2-1/2

[Event "Tirnavia"]
[Site "Trnava"]
[Date "1985.??.??"]
[Round "4"]
[White "Schmidt, Wlodzimierz"]
[Black "Nun, Josef"]
[Result "1-0"]
[WhiteElo "2475"]
[BlackElo "2395"]

1.d4 Nf6 2.c4 e6 3.Nc3 c5 4.d5 exd5 5.cxd5 d6 6.Nf3 g6 7.Nd2 Bg7 8.e4 O-O
9.Be2 Re8 10.O-O a6 11.a4 Nbd7 12.f4 c4 13.Kh1 Nc5 14.e5 dxe5 15.fxe5 Rxe5
16.Nxc4 Rf5 17.Bf4 Nh5 18.Be3 Bxc3 19.Rxf5 Bxf5 20.bxc3 Rc8 21.Bxh5 gxh5
22.Bxc5 Rxc5 23.Ne3 Bg6 24.Qd4 Ra5 25.d6 b5 26.Nd5 f5 27.Ne7+  1-0

[Event "Tirnavia"]
[Site "Trnava"]
[Date "1985.??.??"]
[Round "11"]
[White "Kallai, Gabor"]
[Black "Pedersen, Erik"]
[Result "1/2-1/2"]
[WhiteElo "2445"]
[BlackElo "2395"]

1.d4 Nf6 2.Nf3 e6 3.c4 c5 4.d5 exd5 5.cxd5 d6 6.Nc3 g6 7.Bf4 a6 8.a4 Bg7
9.e4 O-O 10.Be2 Bg4 11.O-O Re8 12.Nd2 Bxe2 13.Qxe2 Nh5 14.Be3 Bd4  1/2-1/2

[Event "SWE-ch"]
[Site "Uppsala"]
[Date "1985.??.??"]
[Round "?"]
[White "Renman, Nils Gustaf"]
[Black "Hellers, Ferdinand"]
[Result "1/2-1/2"]
[WhiteElo "2425"]
[BlackElo "2200"]

1.d4 Nf6 2.Nf3 c5 3.d5 e6 4.c4 exd5 5.cxd5 d6 6.Nc3 g6 7.e4 Bg7 8.Nd2 O-O
9.Be2 Re8 10.O-O Nbd7 11.a4 Ne5 12.Re1 Nh5 13.Nf1 f5 14.Bxh5 gxh5 15.Qxh5 Rf8
16.Qg5 Qxg5 17.Bxg5 Nd3 18.Re2 Nxb2 19.Nb5 fxe4 20.Ra3 Nc4 21.Rg3 Bf5 22.Be7 Rf7
23.Nxd6 Nxd6 24.Bxd6 b6 25.Be5 Bg6 26.Bxg7 Rxg7 27.Rb3 Rd7 28.Ne3 Bf7 29.h3 Bxd5
30.Nxd5 Rxd5 31.Rxe4 Rd7 32.Kf1  1/2-1/2

[Event "Hoogovens-B"]
[Site "Wijk aan Zee"]
[Date "1985.??.??"]
[Round "7"]
[White "Portisch, Ferenc"]
[Black "Hodgson, Julian M"]
[Result "1/2-1/2"]
[WhiteElo "2405"]
[BlackElo "2455"]

1.d4 Nf6 2.c4 c5 3.d5 e6 4.Nc3 exd5 5.cxd5 d6 6.Nf3 g6 7.Nd2 Nbd7 8.Nc4 Nb6
9.e4 Nxc4 10.Bxc4 Bg7 11.O-O O-O 12.Bg5 a6 13.a4 Bd7 14.Qd2 b5 15.axb5 axb5
16.Bxb5 Rxa1 17.Rxa1 Bxb5 18.Nxb5 Nxe4 19.Bxd8 Nxd2 20.Be7 Re8 21.Bxd6 Bxb2
22.Rd1 c4 23.Bc7 Ne4 24.d6 Nf6 25.Kf1 Nd7 26.Re1 Rxe1+ 27.Kxe1 f5 28.Kd2 Kf7
29.Kc2 Be5 30.Na3 Bxh2 31.Nxc4 Bg1 32.Nb6 Ke6 33.Nxd7 Kxd7 34.Bb6 Kxd6 35.Kd3 h5
36.Ke3 g5 37.Bd8 g4 38.g3  1/2-1/2

[Event "Albena"]
[Site "Albena"]
[Date "1986.??.??"]
[Round "?"]
[White "Genov, Petko"]
[Black "Messa, Roberto"]
[Result "1/2-1/2"]
[WhiteElo "2395"]
[BlackElo "2345"]

1.d4 Nf6 2.Nf3 e6 3.c4 c5 4.d5 exd5 5.cxd5 d6 6.Nc3 g6 7.Bf4 a6 8.a4 Bg7
9.e4 O-O 10.Nd2 Nh5 11.Be3 f5 12.exf5 Bxf5 13.Be2 Nf6 14.a5 b5 15.axb6 Qxb6
16.Nc4 Qd8 17.O-O Ra7 18.Qd2 Rb7 19.Bf4 Ne8 20.Ra4 Bd7 21.Bg5 Bf6 22.Bxf6 Qxf6
23.Ra3 Qh4 24.Ne3 Rf4 25.Bxa6 Nxa6 26.Rxa6 Rfb4 27.Ned1 Rg4 28.f3 Rgb4 29.Qe3 Qd4
30.Qxd4 cxd4 31.Ne4 R4b6 32.Rxb6 Rxb6 33.Rf2 Rb5 34.Rd2 Rxd5 35.Ne3 Rb5 36.Rxd4 Rxb2
37.Nxd6 Nxd6 38.Rxd6 Rb7 39.Kf2 Kf7 40.Rd4 Be6 41.f4 h6 42.Kf3 Rb3 43.Ke4 Rb2
44.h3 Rf2 45.Ra4 g5 46.Ra7+ Kf6 47.fxg5+ hxg5 48.Ra6 Rf4+ 49.Kd3 Ke5 50.Ra5+ Kf6
51.Rc5 Rh4 52.Ke2 g4 53.hxg4 Bxg4+  1/2-1/2

[Event "Biel-JMT"]
[Site "Biel"]
[Date "1986.??.??"]
[Round "?"]
[White "Toth, Bela"]
[Black "Kindermann, Stefan"]
[Result "0-1"]
[WhiteElo "2435"]
[BlackElo "2485"]

1.d4 Nf6 2.c4 e6 3.Nf3 c5 4.d5 exd5 5.cxd5 d6 6.Nc3 g6 7.Nd2 Nbd7 8.e4 Bg7
9.Be2 O-O 10.O-O Re8 11.a4 g5 12.h3 Ne5 13.Nf3 g4 14.Nxe5 Rxe5 15.Bf4 Re8
16.Bxg4 Bxg4 17.hxg4 Nxe4 18.Nxe4 Rxe4 19.Qf3 Rb4 20.Qg3 Rxb2 21.Bxd6 c4
22.Rad1 Rc8 23.Be5 c3 24.Bxg7 Kxg7 25.g5 Kg8 26.Qe5 Rd2 27.Rxd2 cxd2 28.Qd4 Qxg5
29.f4 Qg6 30.Rd1 Rc1 31.d6 Rxd1+ 32.Kf2 Rf1+  0-1

[Event "Biel op"]
[Site "Biel"]
[Date "1986.??.??"]
[Round "?"]
[White "Hertneck, Gerald"]
[Black "Barlov, Dragan"]
[Result "1-0"]
[WhiteElo "2445"]
[BlackElo "2495"]

1.d4 Nf6 2.c4 e6 3.Nf3 c5 4.d5 exd5 5.cxd5 d6 6.Nc3 a6 7.a4 g6 8.Nd2 Nbd7
9.e4 Bg7 10.g3 Ne5 11.Be2 O-O 12.f4 Neg4 13.Nc4 Re8 14.O-O b5 15.axb5 Nxe4
16.Bxg4 Bd4+ 17.Kg2 Bxg4 18.Qxg4 Bxc3 19.bxc3 axb5 20.Rxa8 Qxa8 21.Ne3 Qa2+
22.Kg1 Nxc3 23.f5 Ne2+ 24.Kh1 Nxc1 25.fxg6 hxg6 26.Qf4 Rf8 27.Rxc1 Qd2 28.Rd1 Qe2
29.Rf1 Qd3 30.h4 Qd4 31.Qxd4 cxd4 32.Nc2 Rc8 33.Nxd4 Rc5 34.Nc6 Kf8 35.Nb4 Kg7
36.Kg2 f5 37.Re1 Kf7 38.Kf3 Rc3+ 39.Re3 Rc4 40.Nc6 b4 41.Re7+ Kf6 42.Re6+ Kg7
43.Rxd6 b3 44.Rxg6+ Kh7 45.Re6  1-0

[Event "FRG-ch qual"]
[Site "Brilon"]
[Date "1986.??.??"]
[Round "?"]
[White "Reeh, Oliver"]
[Black "Schulte, Oliver"]
[Result "1-0"]
[WhiteElo "2265"]
[BlackElo "2325"]

1.d4 Nf6 2.c4 e6 3.Nf3 c5 4.d5 exd5 5.cxd5 d6 6.Nc3 g6 7.Nd2 Bg7 8.Nc4 O-O
9.Bf4 b6 10.Bxd6 Re8 11.Bg3 Ne4 12.Nxe4 Rxe4 13.e3 b5 14.Nd2 Rb4 15.b3 c4
16.Rc1 Bb2 17.Rc2 c3 18.Nb1 Qa5 19.Be5 Bf5 20.Bd3 Bxd3 21.Qxd3 Qxa2 22.Bxc3 Bxc3+
23.Rxc3 Nd7 24.O-O Ne5 25.Qd2 Qxd2 26.Nxd2 Rd8 27.f4 Ng4 28.Rd3 Nf6 29.Ra1 Rxd5
30.Rxd5 Nxd5 31.Kf2 f5 32.Rxa7 Nf6 33.Ke2 h6 34.Kd3 Kf8 35.Ra6 Kg7 36.Rxf6  1-0

[Event "FRG-ch qual"]
[Site "Brilon"]
[Date "1986.??.??"]
[Round "?"]
[White "Brueckner, Thomas"]
[Black "Schulte, Oliver"]
[Result "1/2-1/2"]
[WhiteElo "2345"]
[BlackElo "2325"]

1.d4 Nf6 2.Nf3 c5 3.d5 e6 4.c4 exd5 5.cxd5 d6 6.Nc3 g6 7.g3 Bg7 8.Bg2 O-O
9.O-O Re8 10.Nd2 a6 11.a4 Nbd7 12.Nc4 Nb6 13.Na3 Bd7 14.Bd2 Rb8 15.Qc2 Ng4
16.h3 Ne5 17.b3 f5 18.f4 Nf7 19.a5 Na8 20.Nc4 Nc7 21.Rae1 Nb5 22.Nxb5 axb5
23.Nb6 b4 24.Qd3 Nh6 25.e3 Kh8 26.Kh2 Ng8 27.Nxd7 Qxd7 28.e4 fxe4 29.Bxe4 Nf6
30.Bf3 Ra8 31.g4 Rxa5 32.g5 Ng8 33.Bg4 Qd8 34.Rxe8 Qxe8 35.Re1 Qf8 36.Re6 Ra2
37.Kg3 c4 38.Qe3 cxb3 39.Re8 b2 40.Rxf8 Ra3 41.Rb8 Rxe3+ 42.Bxe3 b1=Q 43.Be6 h5
44.Rxg8+  1/2-1/2

[Event "JUG-ch"]
[Site "Budva"]
[Date "1986.??.??"]
[Round "?"]
[White "Barlov, Dragan"]
[Black "Hulak, Krunoslav"]
[Result "1-0"]
[WhiteElo "2550"]
[BlackElo "2540"]

1.d4 Nf6 2.c4 e6 3.Nf3 c5 4.d5 exd5 5.cxd5 d6 6.Nc3 g6 7.Nd2 Nbd7 8.e4 Bg7
9.Be2 O-O 10.O-O Re8 11.a4 Ne5 12.Ndb1 a6 13.Na3 h6 14.f4 Ned7 15.Qc2 Rb8
16.Kh1 Nf8 17.Bd2 Ng4 18.Qd3 h5 19.Bxg4 hxg4 20.Nc4 b5 21.axb5 axb5 22.Na5 c4
23.Qg3 Bd7 24.Nc6 Bxc6 25.dxc6 Qc8 26.f5 Qxc6 27.f6 Bh8 28.Nd5 Rxe4 29.Ne7+ Rxe7
30.fxe7 Ne6 31.Bc3 Bxc3 32.Qxc3 Qe8 33.Qf6 d5 34.Rae1 Rb6 35.Rd1 Rd6 36.Ra1 Kh7
37.Qxf7+  1-0

[Event "Delmenhorst"]
[Site "Delmenhorst"]
[Date "1986.??.??"]
[Round "?"]
[White "Barbero, Gerardo F"]
[Black "Wesseln, Kai"]
[Result "1-0"]
[WhiteElo "2520"]
[BlackElo "2310"]

1.d4 Nf6 2.c4 c5 3.d5 e6 4.Nc3 exd5 5.cxd5 d6 6.Nf3 g6 7.Nd2 Nbd7 8.e4 Bg7
9.Be2 O-O 10.O-O Re8 11.Qc2 Ne5 12.a4 g5 13.Nc4 Nxc4 14.Bxc4 Nh5 15.Ne2 Qf6
16.Ra3 Qg6 17.Ng3 Nf4 18.f3 Be5 19.Kh1 Qh6 20.Qf2 Kh8 21.Rb3 Rg8 22.Bd2 b6
23.Re1 Qh4 24.Kg1 Rg6 25.Nf1 Qh5 26.Kh1 g4 27.fxg4 Rxg4 28.Rg3 Bd7 29.Rxg4 Qxg4
30.Ne3 Qg6 31.Nf5 Re8 32.b3 Nh5 33.Bb5 Bxb5 34.axb5 Nf6 35.h3 Nh5 36.g4 Nf6
37.Qf3 Nd7 38.g5 f6 39.Rg1 fxg5 40.Bxg5 Qf7 41.Bf4 Rf8 42.Bxe5+ Nxe5 43.Qg3 Qf6
44.Nxd6 Ng6 45.Nf5 Re8 46.Re1 Re5 47.Nh6 Rh5 48.Ng4 Qg7 49.Qb8+ Nf8 50.Rf1 Rxh3+
51.Nh2  1-0

[Event "Delmenhorst"]
[Site "Delmenhorst"]
[Date "1986.??.??"]
[Round "?"]
[White "Barbero, Gerardo F"]
[Black "Schneider, Attila"]
[Result "1-0"]
[WhiteElo "2520"]
[BlackElo "2440"]

1.d4 Nf6 2.c4 e6 3.Nf3 c5 4.d5 exd5 5.cxd5 d6 6.Nc3 g6 7.Nd2 Nbd7 8.Nc4 Nb6
9.e4 Nxc4 10.Bxc4 Bg7 11.O-O O-O 12.Bg5 h6 13.Bh4 g5 14.Bg3 a6 15.a4 Re8
16.Re1 Ng4 17.Be2 Ne5 18.Qd2 Ng6 19.Bh5 Rb8 20.Bxg6 fxg6 21.f4 b5 22.axb5 axb5
23.fxg5 b4 24.Na4 Bd4+ 25.Bf2 Qxg5 26.Qxg5 hxg5 27.Bxd4 cxd4 28.b3 d3 29.Nb2 d2
30.Re2 Bg4 31.Rxd2 Rxe4 32.Nc4 Rd8 33.h3 Be2 34.Re1 Bd3 35.Rxe4 Bxe4 36.Rd4 Bc2
37.Nd2 Kf7 38.Rxb4 Kf6 39.Rc4 Bd3 40.Rd4 Ba6 41.Kf2 Re8 42.Nc4 Bxc4 43.bxc4 Ke5
44.Ke3 Kf5+ 45.Kd2 Ra8 46.Kc3 Ra3+ 47.Kb4 Ra2 48.g4+ Ke5 49.Rd3 Ra8 50.Rd1 Rh8
51.c5 dxc5+ 52.Kc4 Rxh3 53.d6 Rh8 54.Kxc5 Rc8+ 55.Kb6 Kf4 56.d7 Rh8 57.Rd4+  1-0

[Event "Delmenhorst"]
[Site "Delmenhorst"]
[Date "1986.??.??"]
[Round "?"]
[White "Wesseln, Kai"]
[Black "Schneider, Attila"]
[Result "0-1"]
[WhiteElo "2310"]
[BlackElo "2440"]

1.d4 Nf6 2.c4 e6 3.Nf3 c5 4.d5 exd5 5.cxd5 d6 6.Nc3 g6 7.Nd2 Nbd7 8.e4 Bg7
9.Be2 O-O 10.O-O Re8 11.f4 c4 12.e5 dxe5 13.Nxc4 Nb6 14.fxe5 Nfxd5 15.Nxd5 Qxd5
16.Nd6 Rf8 17.Qxd5 Nxd5 18.Nxc8 Raxc8 19.Bf3 Nc7 20.Bxb7 Rb8 21.Bf3 Bxe5
22.Rb1 Rfd8 23.Rd1 Rxd1+ 24.Bxd1 Nb5 25.Bb3 Nd4 26.Bc4 Nc2 27.b3 Bd4+ 28.Kh1 Re8
29.Bh6 Na3 30.Rc1 Nxc4 31.bxc4 f6 32.g4 g5 33.h4 Kf7 34.h5 Re5 35.Rb1 Bb6
36.Rd1 Ke7 37.Rc1 Re4 38.c5 Bc7 39.c6 Rxg4 40.Rd1 Rh4+ 41.Kg2 Be5 42.Rd7+ Ke6
43.Bf8 Rh2+ 44.Kf1 Rxh5 45.Rxa7 Rh1+ 46.Kg2 Rc1 47.Ra6 Kd5  0-1

[Event "Dubai ol (Men)"]
[Site "Dubai"]
[Date "1986.??.??"]
[Round "1"]
[White "Ftacnik, Lubomir"]
[Black "Charpentier, William"]
[Result "1-0"]
[WhiteElo "2555"]
[BlackElo "2335"]

1.d4 Nf6 2.Nf3 c5 3.d5 e6 4.c4 exd5 5.cxd5 d6 6.Nc3 g6 7.Nd2 Nbd7 8.e4 Bg7
9.Be2 O-O 10.O-O a6 11.a4 Re8 12.f4 Qc7 13.Kh1 Rb8 14.e5 dxe5 15.Nc4 b5 16.axb5 axb5
17.Nxe5 c4 18.Be3 Qd6 19.Ra5 Qb4 20.Ra2 Bb7 21.Bf3 Rbd8 22.Ra7 Ba8 23.Bd4 Rf8
24.Nxd7 Nxd7 25.Bxg7 Kxg7 26.Qd4+ Kg8 27.Ne4 f5 28.Ng5 Qc5 29.Ne6 Qxd4 30.Nxd4 Nc5
31.Rc7 Rc8 32.Nxb5 Ne4 33.d6 Nxd6 34.Rxc8  1-0

[Event "Dubai ol (Men)"]
[Site "Dubai"]
[Date "1986.??.??"]
[Round "10"]
[White "Portisch, Lajos"]
[Black "Kindermann, Stefan"]
[Result "1-0"]
[WhiteElo "2605"]
[BlackElo "2485"]

1.d4 Nf6 2.c4 e6 3.Nf3 c5 4.d5 exd5 5.cxd5 d6 6.Nc3 g6 7.Bf4 a6 8.a4 Bg7
9.e4 Bg4 10.Be2 Bxf3 11.Bxf3 O-O 12.O-O Qe7 13.h3 Nbd7 14.Re1 Rab8 15.Be2 Ne8
16.Qd2 Nc7 17.Bg5 Bf6 18.Bh6 Rfe8 19.f4 Bd4+ 20.Kh1 Qd8 21.Bf3 b5 22.a5 b4
23.Ne2 Bh8 24.Bg5 Qc8 25.Bh4 Nb5 26.Bf2 Qd8 27.Ng3 Nd4 28.Bd1 b3 29.Ra4 h5
30.Rc4 Rf8 31.Ra4 Nc2 32.Rf1 Bxb2 33.e5 dxe5 34.f5 e4 35.fxg6 fxg6 36.Bxc2 bxc2
37.Qxc2 Bg7 38.Nxe4 Rb2 39.Qd1 c4 40.Rxc4 Qxa5 41.Ra4 Qc7 42.Bd4 Bxd4 43.Qxd4 Qc2
44.Rg1 Rbb8 45.d6 Rb5 46.Rc4 Qb2 47.Nc3 Rbf5 48.Rc7 R8f7 49.Qc4 Ne5 50.Qd5 Qb8
51.Re1 Kh8  1-0

[Event "FRA-ch"]
[Site "Epinal"]
[Date "1986.??.??"]
[Round "2"]
[White "Miralles, Gilles"]
[Black "Seret, Jean Luc"]
[Result "1-0"]
[WhiteElo "2410"]
[BlackElo "2440"]

1.d4 Nf6 2.c4 c5 3.d5 e6 4.Nc3 exd5 5.cxd5 d6 6.Nf3 g6 7.Bf4 Bg7 8.Qa4+ Bd7
9.Qb3 Qc7 10.e4 O-O 11.Be2 a6 12.e5 dxe5 13.Nxe5 Nh5 14.Nxd7 Nxf4 15.Nxf8 Nxg2+
16.Kf1 Nf4 17.Bf3 Ra7 18.Ne6 fxe6 19.dxe6 c4 20.e7 cxb3 21.e8=Q+ Bf8 22.axb3 b5
23.Rd1 Nd7 24.Qe3 Nf6 25.Rd4 Bh6 26.Ne2 Nxe2 27.Qxe2 Qb6 28.Qd3 Bf8 29.Kg2 Bc5
30.Rd8+ Kg7 31.Rc1 Be7 32.Rdc8 Rd7 33.Qe2 Bd6 34.R8c6 Qa7 35.Qe6  1-0

[Event "FRA-ch"]
[Site "Epinal"]
[Date "1986.??.??"]
[Round "2"]
[White "Andruet, Gilles"]
[Black "Santo Roman, Marc"]
[Result "0-1"]
[WhiteElo "2365"]
[BlackElo "2360"]

1.d4 Nf6 2.c4 c5 3.d5 e6 4.Nc3 exd5 5.cxd5 d6 6.Nf3 g6 7.Nd2 Nbd7 8.e4 Bg7
9.Nc4 Qe7 10.Qe2 O-O 11.Bf4 Ne8 12.g3 b6 13.a4 Ba6 14.Nb5 Ne5 15.Bxe5 Bxe5
16.f4 Bd4 17.Nxd4 cxd4 18.Rd1 Bxc4  0-1

[Event "FRA-ch"]
[Site "Epinal"]
[Date "1986.??.??"]
[Round "6"]
[White "Andruet, Gilles"]
[Black "Renet, Jacques"]
[Result "0-1"]
[WhiteElo "2365"]
[BlackElo "2480"]

1.d4 Nf6 2.c4 e6 3.Nf3 c5 4.d5 exd5 5.cxd5 d6 6.Nc3 g6 7.Nd2 Nbd7 8.e4 Bg7
9.Nc4 Nb6 10.Ne3 Qe7 11.Bd3 O-O 12.O-O Bd7 13.a4 a6 14.f4 Rab8 15.Qf3 Nc8
16.a5 Na7 17.Nc4 Nb5 18.e5 Nd4 19.Qg3 Nh5 20.Qf2 Nb3 21.Be3 Nxa1 22.Rxa1 dxe5
23.Bxc5 Qd8 24.Bxf8 Qxf8 25.fxe5 Bb5 26.g4 Qc8 27.Qd4 Bxc4 28.Bxc4 Bxe5 29.Qxe5 Qxg4+
30.Kh1 Qf3+ 31.Kg1 Qg4+ 32.Kf2 Qh4+ 33.Ke3 Rc8 34.Be2 Nf6 35.Ra4 Qh6+ 36.Kf2 g5
37.Bf3 g4 38.Be2 Qg7 39.Qf4 h5 40.Rd4  0-1

[Event "FRA-ch"]
[Site "Epinal"]
[Date "1986.??.??"]
[Round "8"]
[White "Grimberg, Gilbert"]
[Black "Renet, Jacques"]
[Result "1/2-1/2"]
[WhiteElo "2250"]
[BlackElo "2480"]

1.d4 Nf6 2.c4 e6 3.Nf3 c5 4.d5 exd5 5.cxd5 d6 6.Nc3 g6 7.g3 Bg7 8.Bg2 O-O
9.O-O Re8 10.Nd2 a6 11.a4 Nbd7 12.a5 b5  1/2-1/2

[Event "Wch U20"]
[Site "Gausdal"]
[Date "1986.??.??"]
[Round "2"]
[White "Agdestein, Simen"]
[Black "Boissonet, Carlos P"]
[Result "1/2-1/2"]
[WhiteElo "2545"]
[BlackElo "2330"]

1.d4 Nf6 2.c4 c5 3.d5 e6 4.Nc3 exd5 5.cxd5 d6 6.Nf3 g6 7.Bf4 Bg7 8.Qa4+ Bd7
9.Qb3 b5 10.Bxd6 Qb6 11.Be5 O-O 12.e3 c4 13.Qd1 b4 14.Nb1 Rc8 15.Nbd2 c3
16.Nc4 Qc5 17.bxc3 bxc3 18.Bxc3 Bb5 19.Bd4 Qxd5 20.Bxf6 Qxd1+ 21.Rxd1 Bxf6
22.Nd6 Bxf1 23.Kxf1 Rc2 24.g4 Rxa2 25.g5 Be7 26.Ne5 Bxg5 27.h4 Bf6 28.Ndxf7 Nc6
29.Nh6+ Kg7 30.Neg4 Rd8 31.Rc1 Ne5 32.h5 gxh5 33.Rxh5 Rdd2 34.Rc8 Kg6 35.Rh3 Nxg4
36.Rg8+ Bg7 37.Nxg4 h5 38.Rxh5 Kxh5 39.Rxg7 Ra6 40.Kg2 Rg6 41.Rxg6 Kxg6 42.Kf3 a5
43.Ne5+ Kf6 44.Nc4 Ra2 45.Ke4 a4 46.Kd3 Rxf2 47.Kc3 Rh2 48.Kb4 Rh4 49.Kc5 Re4
50.Kb5 Kg5 51.Kc5 Kg4 52.Kb5 Kg3 53.Kc5 Kg4 54.Kb5 Kg3 55.Kc5 Re8 56.Kb4 Rc8
57.Na5 a3 58.Kxa3  1/2-1/2

[Event "Wch U20"]
[Site "Gausdal"]
[Date "1986.??.??"]
[Round "10"]
[White "Matamoros Franco, Carlos S"]
[Black "Wahls, Matthias"]
[Result "1/2-1/2"]
[WhiteElo "2325"]
[BlackElo "2460"]

1.d4 Nf6 2.c4 e6 3.Nf3 c5 4.d5 exd5 5.cxd5 d6 6.Nc3 g6 7.e4 Bg7 8.Bg5 h6
9.Bh4 a6 10.Nd2 b5 11.a4 b4 12.Ncb1 g5 13.Bg3 Qe7 14.f3 Nh5 15.Nc4 Nxg3 16.hxg3 Nd7
17.Be2 Rb8 18.Nbd2 Ne5 19.g4 Nd7 20.Rb1 Be5 21.Kf1 Kf8 22.Nxe5 Nxe5 23.g3 Kg7
24.Kg2 Ra8 25.b3 Bd7 26.Qc2 f6 27.Rbf1 a5 28.Qd1 Rag8 29.Rf2 Kf8 30.Nf1 Ke8
31.Ne3 Kd8 32.Qf1 Rh7 33.Bb5 Bc8 34.Ba6 Bd7 35.Bb5 Bc8 36.Ba6 Bd7  1/2-1/2

[Event "Hamburg HSV"]
[Site "Hamburg"]
[Date "1986.??.??"]
[Round "?"]
[White "Wegner, Hannu"]
[Black "Schulte, Oliver"]
[Result "1/2-1/2"]
[WhiteElo "2300"]
[BlackElo "2325"]

1.d4 Nf6 2.c4 e6 3.Nf3 c5 4.d5 exd5 5.cxd5 d6 6.Nc3 g6 7.Bf4 Bg7 8.Qa4+ Bd7
9.Qb3 Bc8 10.Qa4+ Bd7 11.Qb3 Bc8 12.Qa4+  1/2-1/2

[Event "Hamburg HSV"]
[Site "Hamburg"]
[Date "1986.??.??"]
[Round "?"]
[White "Wegner, Hannu"]
[Black "Stein, Bernd"]
[Result "1/2-1/2"]
[WhiteElo "2300"]
[BlackElo "2405"]

1.d4 Nf6 2.Nf3 e6 3.c4 c5 4.d5 exd5 5.cxd5 d6 6.Nc3 g6 7.Bf4 Bg7 8.Qa4+ Bd7
9.Qb3 b5 10.Nxb5 Qa5+ 11.Nc3 O-O 12.Nd2 Na6 13.Nc4 Qb4 14.e4 Rfe8 15.Nxd6 Nxe4
16.Nxe8 Rxe8 17.Be3 Nxc3 18.Bxa6 Nxd5+ 19.Qxb4 Nxb4 20.Bc4 Nc2+  1/2-1/2

[Event "Holon op"]
[Site "Holon"]
[Date "1986.??.??"]
[Round "?"]
[White "Kuligowski, Adam"]
[Black "Shabtai, Ran"]
[Result "0-1"]
[WhiteElo "2390"]
[BlackElo "2250"]

1.d4 Nf6 2.c4 e6 3.Nf3 c5 4.d5 exd5 5.cxd5 d6 6.Nc3 g6 7.Bf4 a6 8.a4 Bg7
9.e4 O-O 10.Be2 Qe7 11.Qc2 Nbd7 12.O-O Re8 13.Rae1 Ng4 14.Bg5 Ndf6 15.h3 Ne5
16.Nd2 h6 17.Bxf6 Bxf6 18.f4 Nd7 19.e5 Bh4 20.Rd1 dxe5 21.d6 Qxd6 22.Nf3 Qe6
23.Nxh4 exf4 24.Rxf4 Qe3+ 25.Rf2 Qg3 26.Nf3 Nf6 27.Ne1 Bf5 28.Qb3 Re3 29.Qxb7 Rae8
30.Qxa6 R8e6 31.Qc8+ Kg7 32.Qxc5 Bxh3 33.Rd8 g5 34.Qf8+ Kg6 35.Bd3+ Kh5 36.Qxf7+ Kh4
37.Be2 Ng4 38.Rf3 Qh2+  0-1

[Event "HUN-ch"]
[Site "?"]
[Date "1986.??.??"]
[Round "?"]
[White "Groszpeter, Attila"]
[Black "Utasi, Tamas"]
[Result "1-0"]
[WhiteElo "2470"]
[BlackElo "2440"]

1.d4 Nf6 2.c4 c5 3.d5 e6 4.Nc3 exd5 5.cxd5 d6 6.Nf3 g6 7.Bg5 Bg7 8.e3 O-O
9.Nd2 a6 10.a4 Nbd7 11.Be2 Qc7 12.O-O Re8 13.e4 Rb8 14.f4 c4 15.Bxc4 b5 16.axb5 axb5
17.Bd3 Nc5 18.Bxb5 Rf8 19.Kh1 Nfxe4 20.Ndxe4 Nxe4 21.Nxe4 Rxb5 22.Rc1 Qd7
23.Bf6 Bb7 24.Bxg7 Kxg7 25.Qa4 Bxd5 26.Qd4+ Kh6 27.Nf6 Qf5 28.Kg1 g5 29.g4 Qe6
30.fxg5+  1-0

[Event "HUN-ch"]
[Site "?"]
[Date "1986.??.??"]
[Round "?"]
[White "Petran, Pal"]
[Black "Schneider, Attila"]
[Result "1/2-1/2"]
[WhiteElo "2420"]
[BlackElo "2440"]

1.d4 Nf6 2.c4 e6 3.Nf3 c5 4.d5 exd5 5.cxd5 d6 6.Nc3 g6 7.g3 Bg7 8.Bg2 O-O
9.O-O a6 10.a4 Re8 11.Nd2 Nbd7 12.Nc4 Ne5 13.Nxe5 Rxe5 14.Bf4 Re8 15.Qc2 Rb8
16.Rab1 Qc7 17.Rfc1 Ng4 18.h3 Ne5 19.b4 Bf5 20.e4 cxb4 21.Rxb4 Bd7 22.Qb1 Qa5
23.Bf1 Rbc8 24.Kg2 f5 25.Be3 Rxc3 26.Rxc3 fxe4 27.Qb3 b5 28.Rxe4 bxa4 29.Bb6 axb3
30.Bxa5 Rb8 31.Rb4 Rxb4 32.Bxb4 b2 33.Rb3 Bf5 34.Rxb2 Be4+ 35.f3 Nxf3 36.Ra2 Nd2+
37.Kf2 Nxf1 38.Kxf1 Bxd5 39.Rc2 Be5 40.g4 h5 41.Rc7  1/2-1/2

[Event "HUN-ch"]
[Site "?"]
[Date "1986.??.??"]
[Round "?"]
[White "Groszpeter, Attila"]
[Black "Perenyi, Bela"]
[Result "1-0"]
[WhiteElo "2470"]
[BlackElo "2415"]

1.d4 Nf6 2.c4 c5 3.d5 e6 4.Nc3 exd5 5.cxd5 d6 6.Nf3 g6 7.Bg5 Bg7 8.e3 h6
9.Bh4 a6 10.a4 g5 11.Bg3 Nh5 12.Bd3 O-O 13.Nd2 Nxg3 14.hxg3 Nd7 15.Nc4 Nf6
16.Bc2 Re8 17.a5 Bg4 18.f3 Bd7 19.Ba4 Bxa4 20.Nxa4 Nd7 21.Ra3 Ne5 22.Nab6 Rb8
23.Rb3 Qf6 24.g4 Re7 25.Nxe5 Qxe5 26.Nc4 Qf4 27.Qd3 Rbe8 28.Kd1 Qf6 29.Qf5 Qxf5
30.gxf5 Rd7 31.Rb6 Bf8 32.Kd2 Kg7 33.g4 Kf6 34.e4 Ke7 35.Kd3 Bg7 36.Rb1 Rc8
37.b4 cxb4 38.R6xb4 Rcc7 39.Rb6 Bf6 40.Rh1 Rc5 41.Rxh6 Bg7 42.Rhxd6 Rxd6
43.Nxd6 Rc3+ 44.Kd2 Bd4 45.f6+ Kd7 46.Nxf7 Bxb6 47.Kxc3 Bxa5+ 48.Kd3  1-0

[Event "HUN-ch"]
[Site "?"]
[Date "1986.??.??"]
[Round "?"]
[White "Groszpeter, Attila"]
[Black "Schneider, Attila"]
[Result "1/2-1/2"]
[WhiteElo "2470"]
[BlackElo "2440"]

1.d4 Nf6 2.c4 e6 3.Nf3 c5 4.d5 exd5 5.cxd5 d6 6.Nc3 g6 7.Bg5 h6 8.Bh4 g5
9.Bg3 Nh5 10.e3 Nxg3 11.hxg3 Bg7 12.Bd3 Nd7 13.Qc2 O-O 14.Bh7+ Kh8 15.Bf5 Qf6
16.g4 Ne5 17.Nxe5 Qxe5 18.O-O-O a6 19.Rh5 Re8 20.Bxc8 Raxc8 21.Qf5 Qxf5 22.gxf5 Bxc3
23.bxc3 Kg7 24.Rdh1 Rh8 25.Kd2 b5 26.a3 Rb8 27.Rb1 a5 28.e4 Rb6 29.c4 b4
30.Kd3 Rhb8 31.Rbh1 Rh8 32.Rb1 Rhb8 33.Rbh1  1/2-1/2